| 000 | 00536nam a2200133 a 4500 | ||
|---|---|---|---|
| 008 | 120416s1997 ||||||||||||||||| || u | ||
| 050 | _aTHESIS | ||
| 100 | _aNyirenda, J. D | ||
| 245 | 1 | 0 | _aRooting for robotics in the Zambian construction industry |
| 246 | _aa procedural approach | ||
| 260 |
_aKitwe _bCopperbelt University, School of Built Environment, Department of Building _c1997 |
||
| 350 | _a0.00 | ||
| 995 |
_D0.00 _FCBU-MAIN LIBRARY (Kitwe) _H1 _I0.00 _UAVAILABLE _ZUniversity Collection |
||
| 999 |
_c56748 _d56748 |
||